| 000 | 00400nam a2200157 4500 | ||
|---|---|---|---|
| 001 | 123102 | ||
| 003 | ES-MaACL | ||
| 005 | 20230906192118.0 | ||
| 007 | t| | ||
| 008 | 070214m19631964sp r ||||0| spa d | ||
| 245 | 0 | 0 |
_aProyectar es fácil _b: Mecánica. |
| 250 | _a1ª ed. | ||
| 260 |
_aBarcelona : _bAFHA, _c1963-64. |
||
| 300 |
_a2 v : _bil ; _c27 cm. |
||
| 852 |
_aES-MaACL _jC-25195-6 _bR.54123 |
||
| 999 |
_c123102 _d123102 |
||